| 000 | 00707nam a2200229Ia 4500 | ||
|---|---|---|---|
| 003 | OSt | ||
| 005 | 20230524115559.0 | ||
| 008 | 210423s2011 xx 000 0 und d | ||
| 020 | _a978-0-230-28543-9 | ||
| 040 | _cAL | ||
| 041 | _aeng | ||
| 082 |
_a658.4083 BERG _223 |
||
| 100 |
_aBERGER (Roland). _9112291 |
||
| 245 | _aGreen growth green profit: how green transformation boosts business. | ||
| 260 |
_aNew Delhi _bPan Macmillan Ltd _c2011 |
||
| 300 |
_axvii,269 _bPB |
||
| 365 |
_b995 _cINR |
||
| 650 |
_aExecutive Management _9112292 |
||
| 650 |
_aManagement & Auxiliary Services 650 _9112293 |
||
| 906 | _aboosts ; business. ; Green ; growth ; how ; profit: ; transformation | ||
| 942 |
_2ddc _cBK |
||
| 999 |
_c165416 _d165416 |
||